Countries by Partial Flag Images #3 - Statistics

General Stats
  • This quiz has been taken 117,329 times
  • The average score is 13 of 16
Answer Stats
Picture Answer % Correct
France
98%
Jamaica
98%
Switzerland
96%
Saudi Arabia
95%
Japan
93%
Albania
91%
Spain
90%
India
86%
Kazakhstan
83%
Sri Lanka
82%
Egypt
78%
North Korea
78%
Philippines
78%
Georgia
74%
Haiti
54%
Singapore
49%
No matching quizzes found
Score Distribution
Percent of People with Each Score
Percentile by Number Answered
Your Score History
You have not taken this quiz